Essentials of Cost Accounting (Record no. 4018)

MARC details
000 -LEADER
fixed length control field 00967nam a22001817a 4500
020 ## - INTERNATIONAL STANDARD BOOK NUMBER
ISBN 8125928561
020 ## - INTERNATIONAL STANDARD BOOK NUMBER
ISBN 978-8125928560
050 ## - CALL NUMBER
Classification number HF5686
Item number .
100 ## - AUTHOR
Personal name M N Arora
245 ## - TITLE
Title Essentials of Cost Accounting
Statement of responsibility, etc M N Arora
250 ## - EDITION
Edition statement 1st ed.
260 ## - PUBLICATION INFORMATION
Place of publication New Delhi :
Name of publisher Vikas Publishing House Pvt. Ltd.,
Year of publication 2009.
300 ## - DESCRIPTION
Number of Pages v, 164 p.:
Other physical details illus.;
Dimensions 24 cm
505 ## - FORMATTED CONTENTS NOTE
Table of Content Chapter 1: Introduction 1.1-1.55<br/>Chapter 2: Material Cost - Accounting and Control 2.1-2.55<br/>Chapter 3: Labour Cost - Accounting and Control 3.1-3.29<br/>Chapter 4: Overheads 4.1-4.91<br/>Chapter 5: Job and Batch Costing 5. 1-5.22<br/>Chapter 6: Contract Costing 6. 1-6.42<br/>Chapter 7: Process Costing 7.1-7.35
650 ## - SUBJECTS
Topical Term Cost accounting.
650 ## - SUBJECTS
Topical Term Cost management.
942 ## - ADDED ENTRY ELEMENTS (KOHA)
Koha item type Books
Holdings
Withdrawn status Lost status Home library Current library Shelving location Date acquired Full call number Accession Number Copy number Koha item type
    Methodist University Library Tema Methodist University Library Tema Reference 16/11/2009 HF5686 . 30052 1 Books
    Methodist University Library Tema Methodist University Library Tema Reference 16/11/2009 HF5686 . 30051 2 Books
Copyright © 2026  MUG Library